Giáo trình trang phục các dân tộc Việt Nam

Tìm hiểu những yếu tố độc đáo tiêu biểu trong trang phục truyền thống của các dân tộc Việt Nam chia thành 8 nhóm: Nhóm Việt - Mường, nhóm Tày - Thái, nhóm Môn - Khmer, nhóm Mông - Dao, nhóm Kađai, nhóm Nam Đảo, nhóm Hán và nhóm Tạng...

Celý popis

Uloženo v:
Podrobná bibliografie
Hlavní autor: Nguyễn, Thị Luyên
Médium: Kniha
Jazyk:Undetermined
Vydáno: Thành phố Hồ Chí Minh Văn hóa Dân tộc 2013
Témata:
Tagy: Přidat tag
Žádné tagy, Buďte první, kdo otaguje tento záznam!
Thư viện lưu trữ: Trung tâm Học liệu Trường Đại học Cần Thơ
LEADER 01019nam a2200229Ia 4500
001 CTU_194267
008 210402s9999 xx 000 0 und d
020 |c 40000 
082 |a 391.009597 
082 |b L527 
100 |a Nguyễn, Thị Luyên 
245 0 |a Giáo trình trang phục các dân tộc Việt Nam 
245 0 |c Nguyễn Thị Luyên 
260 |a Thành phố Hồ Chí Minh 
260 |b Văn hóa Dân tộc 
260 |c 2013 
520 |a Tìm hiểu những yếu tố độc đáo tiêu biểu trong trang phục truyền thống của các dân tộc Việt Nam chia thành 8 nhóm: Nhóm Việt - Mường, nhóm Tày - Thái, nhóm Môn - Khmer, nhóm Mông - Dao, nhóm Kađai, nhóm Nam Đảo, nhóm Hán và nhóm Tạng 
650 |a Costume,Trang phục 
650 |x History,Lịch sử 
650 |z Vietnam,Việt Nam 
904 |i Tuyến 
980 |a Trung tâm Học liệu Trường Đại học Cần Thơ